| 000 | 00498nam a22001937a 4500 | ||
|---|---|---|---|
| 003 | OSt | ||
| 005 | 20140310181709.0 | ||
| 008 | 121206t xxu||||| |||| 00| 0 eng d | ||
| 020 | _a9789712721489 | ||
| 050 |
_aPN 6377 _b.B454 2009 |
||
| 082 |
_aFIL 398.9 _bB41 2009 |
||
| 100 | _aBelvez, Paz M. | ||
| 245 |
_aSalawikain, kawikaan, at bugtong _cPaz M. Belvez. |
||
| 260 |
_aManila : _bAnvil, _c2009. |
||
| 300 |
_av, 96 p. : _c18 cm. |
||
| 650 | _aRiddles | ||
| 942 |
_2lcc _cBK |
||
| 999 |
_c1488 _d1488 |
||